Strength of interlocking-rib tile walls.

Bibliographic Details
Other Authors: McDaniel, Allen Boyer, 1879-, Parsons, Douglas E. (Douglas Eugene), 1894-1978, Stang, A. H. (Ambrose Henry), 1889-1972
Format: Government Document eBook
Language:English
Published: [Washington?] : U.S. Government Printing Office, 1928.
Series:Technologic Papers No. 366
Subjects:
Online Access:Connect to the full text of this electronic document

MARC

Tag First Indicator Second Indicator Subfields
LEADER 00000cam a22000001a 4500
001 in00003665166
005 20190408174708.0
006 m o d f
007 cr bn mmmapmmp
008 040322s1928 dcu o f000 0 eng d
035 |a ebd1910202016 
040 |a UMI  |c UMI  |d UtOrBLW 
086 0 |a C 13.8:366 
099 |a C13.8-366 
245 0 0 |a Strength of interlocking-rib tile walls. 
264 1 |a [Washington?] :  |b U.S. Government Printing Office,  |c 1928. 
300 |a 1 online resource (pages 389-408) 
336 |a text  |b txt  |2 rdacontent 
337 |a computer  |b c  |2 rdamedia 
338 |a online resource  |b cr  |2 rdacarrier 
490 0 |a Technologic Papers No. 366 
500 |a [With data from experiments] 
500 |a Record is based on bibliographic data in ProQuest U.S. Executive Branch Documents, 1910-1932. Reuse except for individual research requires license from ProQuest, LLC. 
533 |a Electronic reproduction.  |b [Bethesda, Md.] :  |c ProQuest,  |d 2012.  |e digital, PDF file.  |n ProQuest U.S. Executive Branch Documents, 1910-1932.  |n Mode of access: World Wide Web via ProQuest website. 
538 |a System requirements: PDF reader software. 
500 |a Electronic resource. 
650 0 |a Tiles.  |0 http://id.loc.gov/authorities/subjects/sh85135352 
655 7 |a Electronic books.  |2 local 
700 1 |a McDaniel, Allen Boyer,  |d 1879-  |0 http://id.loc.gov/authorities/names/n91101977 
700 1 |a Parsons, Douglas E.  |q (Douglas Eugene),  |d 1894-1978.  |0 http://id.loc.gov/authorities/names/n85252653 
700 1 |a Stang, A. H.  |q (Ambrose Henry),  |d 1889-1972.  |0 http://id.loc.gov/authorities/names/n2007089261 
776 1 8 |i Microfiche version:  |t Strength of interlocking-rib tile walls  |o CIS US Exec MF C13.8-366  |w (ProQuest)cis19121692 
856 4 0 |u http://proxy.library.tamu.edu/login?url=http://congressional.proquest.com/congressional/docview/t66.d71.c13.8-366  |z Connect to the full text of this electronic document  |t 0 
999 f f |s face0bc3-c6f4-3d92-97af-8957f22aa23c  |i 92baccc4-bc83-3d30-b41e-6e29961b16ac  |t 0 
952 f f |a Texas A&M University  |b College Station  |c Electronic Resources  |d Available Online  |t 0  |h No information provided 
998 f f |t 0  |l Available Online